000 00537nam a2200193Ia 4500
005 20250508151756.0
008 008 250505s9999 xx 000 0 hin d
037 _aTextual
040 _aFEDL
_beng
_cFEDL
041 _ahin
_2eng
084 _a301, SIN
_qFEDL
100 _aSatyaverta Siddhantlankar
_9759952
245 0 _aSamaj - shastra ke mul tatwa
260 _aDehradun, India
_bVijay Krishna Lakhan Pal
_c1954
300 _a400p.
650 _aSociology
942 _cTEXL
_h301, SIN
999 _c1332075
_d1332075